[Event "Athens of East GM-Open 2019"]
[Site "Madurai"]
[Date "2019.08.17"]
[Round "9.13"]
[White "Lokesh, N.."]
[Black "Kunal, M.."]
[Result "1-0"]
[WhiteElo "2202"]
[BlackElo "2306"]
[Annotator "NA"]
[PlyCount "143"]
[EventDate "2019.08.11"]
[EventType "swiss"]
[EventCountry "IND"]
[SourceTitle "playchess.com"]
[Source "ChessBase"]
[SourceQuality "1"]
[TimeControl "5400+30"]

1. e4 {[%emt 0:02:54]} c6 {[%emt 0:02:08]} 2. Nf3 {[%emt 0:03:50]} d5 {[%emt 0:00:07]} 3. Nc3 {[%emt 0:00:05]} Bg4 {[%emt 0:03:08]} 4. h3 {[%emt 0:00:07]} Bxf3 {[%emt 0:00:04]} 5. Qxf3 {[%emt 0:00:03]} e6 {[%emt 0:00:09]} 6. d4 {[%emt 0:00:08]} Nf6 {[%emt 0:01:29]} 7. Bg5 {[%emt 0:08:16]} dxe4 {[%emt 0:04:13] B11: Caro-Kann: Two Knights Variation} (7... Be7 8. e5 Nfd7 9. Bxe7 Qxe7 10. O-O-O O-O 11. Qe3 c5 12. f4 Nc6 13. Ne2 Rac8 14. Kb1 a6 15. g4 cxd4 16. Nxd4 Nxd4 17. Qxd4 {0-1 (56) Inarkiev,E (2660)-Riazantsev,A (2646) St Petersburg 2015}) 8. Nxe4 {[%emt 0:00:42]} Be7 {[%emt 0:00:14]} 9. O-O-O {[%emt 0:04:59]} Nxe4 {[%emt 0:01:39]} 10. Bxe7 {[%emt 0:00:09]} Qxe7 {[%emt 0:00:41]} 11. Qxe4 {[%emt 0:00:06]} Nd7 {[%emt 0:00:03]} 12. g3 $146 {[%emt 0:16:39]} ({Predecessor:} 12. Be2 O-O-O 13. Bf3 Nf6 14. Qe5 Qd6 15. Rhe1 Qxe5 16. Rxe5 {0-1 (32) Przybylski,W (2378)-Yevseev,D (2515) Jurmala 2015}) 12... Nf6 {[%emt 0:01:08]} 13. Qe5 {[%emt 0:00:55]} O-O {[%emt 0:00:18]} 14. Bg2 {[%emt 0:00:08]} Rac8 {[%emt 0:00:31]} 15. Rhe1 {[%emt 0:00:37]} h6 {[%emt 0:04:19]} 16. Kb1 {[%emt 0:00:18]} Qb4 {[%emt 0:02:00]} 17. Re3 {[%emt 0:11:50]} Rfd8 {[%emt 0:01:29]} 18. Rb3 {[%emt 0:09:18]} Qe7 {[%emt 0:00:22]} 19. c4 {[%emt 0:04:41]} b6 {[%emt 0:03:37]} 20. f4 {[%emt 0:17:16]} Qf8 {[%emt 0:13:01]} 21. g4 {[%emt 0:02:20]} Nd7 {[%emt 0:04:45]} 22. Qe2 {[%emt 0:03:04]} c5 {[%emt 0:04:43]} 23. d5 {[%emt 0:04:06]} exd5 {[%emt 0:00:52]} 24. Bxd5 {[%emt 0:00:07]} Re8 {[%emt 0:00:53]} 25. Qf3 {[%emt 0:03:40]} Nf6 {[%emt 0:00:43]} 26. Rbd3 {[%emt 0:01:21]} Qe7 {[%emt 0:03:11]} 27. Bc6 {[%emt 0:04:32]} Red8 {[%emt 0:00:06]} 28. g5 {[%emt 0:00:42]} hxg5 {[%emt 0:01:24]} 29. fxg5 {[%emt 0:00:05]} Nh7 {[%emt 0:00:06]} 30. h4 {[%emt 0:00:05]} Rxd3 {[%emt 0:01:47]} 31. Rxd3 {[%emt 0:00:07]} Qe1+ $18 {[%emt 0:01:57]} (31... Rxc6 $16 {was worth a try.} 32. Qxc6 Qe1+ 33. Kc2 Qe2+ 34. Kc3 Qe1+ 35. Kb3 Qb4+ 36. Kc2 Qxc4+ 37. Rc3 Qg4) 32. Rd1 {[%emt 0:00:19]} Qxh4 {[%emt 0:00:07]} 33. Rh1 {[%emt 0:00:14]} Qxg5 {[%emt 0:12:39]} 34. Be4 {[%emt 0:00:52]} Kf8 {[%emt 0:08:01]} 35. Rxh7 {[%emt 0:00:59]} Re8 {[%emt 0:00:19]} 36. Rh1 {[%emt 0:01:09]} g6 {[%emt 0:00:11]} 37. Bd5 {[%emt 0:00:35]} Re7 {[%emt 0:00:48]} 38. Qh3 {[%emt 0:00:22]} Qe5 {[%emt 0:02:55]} 39. a3 {[%emt 0:01:01]} Qg7 {[%emt 0:00:13]} 40. Qc8+ {[%emt 0:00:41]} Re8 {[%emt 0:00:05]} 41. Qc6 {[%emt 0:00:20]} g5 {[%emt 0:05:18]} 42. Rf1 {[%emt 0:00:31]} Re2 {[%emt 0:02:24]} 43. Qc8+ {[%emt 0:00:35]} Re8 {[%emt 0:00:05]} 44. Qd7 {[%emt 0:00:15]} Qg6+ {[%emt 0:00:26]} 45. Ka2 {[%emt 0:00:27]} Re7 {[%emt 0:00:04]} 46. Qd8+ {[%emt 0:00:29]} Re8 {[%emt 0:00:15]} 47. Bxf7 {[%emt 0:00:35]} Rxd8 {[%emt 0:00:04]} 48. Bxg6+ {[%emt 0:00:07]} Kg7 {[%emt 0:00:04]} 49. Be4 {[%emt 0:00:18]} Rd4 {[%emt 0:00:24]} 50. Bd5 {[%emt 0:00:21]} b5 {[%emt 0:01:10]} 51. Rf7+ {[%emt 0:00:55]} Kg6 {[%emt 0:00:04]} 52. Rc7 {[%emt 0:00:06]} bxc4 {[%emt 0:01:24]} 53. Rxc5 {[%emt 0:00:07]} g4 {[%emt 0:00:01]} 54. Bxc4 {[%emt 0:00:38]} g3 {[%emt 0:00:04]} 55. Bd5 {[%emt 0:00:30]} Kg5 {[%emt 0:00:07]} 56. b4 {[%emt 0:01:45]} Kf4 {[%emt 0:00:07]} 57. Kb3 {[%emt 0:00:29]} Ke5 {[%emt 0:00:24]} 58. Bg2+ {[%emt 0:00:19]} Kd6 {[%emt 0:00:18]} 59. Rc3 {[%emt 0:00:09]} a5 {[%emt 0:00:03]} 60. Rxg3 {[%emt 0:00:22]} axb4 {[%emt 0:00:04]} 61. axb4 {[%emt 0:00:23]} Kc7 {[%emt 0:00:17]} 62. Rg7+ {[%emt 0:00:15]} Kb6 {[%emt 0:00:05]} 63. Ka4 {[%emt 0:00:17]} Rf4 {[%emt 0:00:17]} 64. Rg6+ {[%emt 0:00:18]} Ka7 {[%emt 0:00:04]} 65. Bd5 {[%emt 0:00:35]} Rf5 {[%emt 0:00:08]} 66. Rg7+ {[%emt 0:00:14]} Kb8 {[%emt 0:00:03]} 67. Rb7+ {[%emt 0:00:34]} Ka8 {[%emt 0:00:03]} 68. Rd7+ {[%emt 0:00:11]} Kb8 {[%emt 0:00:04]} 69. Kb5 {[%emt 0:00:38]} Kc8 {[%emt 0:00:13]} 70. Kc6 {[%emt 0:00:20]} Rf1 {[%emt 0:00:05]} 71. Rf7 {[%emt 0:00:26]} Rc1+ {[%emt 0:00:09]} 72. Kb6 {[%emt 0:00:05]} 1-0

[Event "Athens of East GM-Open 2019"]
[Site "Madurai"]
[Date "2019.08.17"]
[Round "9.14"]
[White "Sahoo, Utkal Ranjan"]
[Black "Nikhil Magizhnan"]
[Result "1/2-1/2"]
[WhiteElo "2278"]
[BlackElo "2164"]
[Annotator "NA"]
[PlyCount "60"]
[EventDate "2019.08.11"]
[EventType "swiss"]
[EventCountry "IND"]
[SourceTitle "playchess.com"]
[Source "ChessBase"]
[SourceQuality "1"]
[TimeControl "5400+30"]

1. d4 {[%emt 0:00:00]} e6 {[%emt 0:01:38]} 2. c4 {[%emt 0:00:00]} b6 {[%emt 0:00:07]} 3. Nc3 {[%emt 0:00:19]} Bb7 {[%emt 0:00:26]} 4. e3 {[%emt 0:03:40]} f5 {[%emt 0:00:38]} 5. Nf3 {[%emt 0:06:04]} Nf6 {[%emt 0:01:13]} 6. a3 {[%emt 0:00:32]} Be7 {[%emt 0:00:17]} 7. Be2 {[%emt 0:01:22]} O-O {[%emt 0:00:44] A40: Unusual replies to 1 d4} 8. O-O {[%emt 0:01:09]} a5 {[%emt 0:00:14]} (8... Ne4 9. Qc2 d5 10. b4 a5 11. b5 Nd7 12. cxd5 exd5 {1-0 (46) Dimitrov,R (2493)-Nikolovski,N (2391) Skopje 2018}) 9. b3 {[%emt 0:07:00]} Ne4 {[%emt 0:01:07]} 10. Bb2 {[%emt 0:00:38]} d6 {[%emt 0:02:20]} 11. Nd2 $146 {[%emt 0:06:46]} ({Predecessor:} 11. Qc2 Nd7 12. b4 {1-0 (43) Vavrinek,T (1773)-Palla,I (1536) Klatovy 2016}) 11... Nxd2 {[%emt 0:04:41]} 12. Qxd2 {[%emt 0:00:02]} Nd7 {[%emt 0:03:14]} 13. Rad1 {[%emt 0:07:49]} Qe8 {[%emt 0:02:20]} 14. d5 {[%emt 0:07:19]} e5 {[%emt 0:00:40]} 15. Qc2 {[%emt 0:01:32]} Ba6 {[%emt 0:09:56]} 16. f4 {[%emt 0:02:02]} Bf6 {[%emt 0:16:58]} 17. Kh1 {[%emt 0:14:14]} Qe7 {[%emt 0:13:14]} 18. g4 {[%emt 0:16:06]} fxg4 {[%emt 0:06:51]} 19. Bxg4 {[%emt 0:00:16]} a4 {[%emt 0:02:27]} 20. Ne4 {[%emt 0:08:45]} axb3 {[%emt 0:02:45]} 21. Qxb3 {[%emt 0:00:01]} Nc5 {[%emt 0:06:47]} 22. Nxf6+ {[%emt 0:02:22]} Rxf6 {[%emt 0:00:41]} 23. Qc2 {[%emt 0:00:26]} Raf8 {[%emt 0:01:03]} 24. Rg1 $17 {[%emt 0:01:27]} R6f7 {[%emt 0:12:01]} 25. Bh5 {[%emt 0:06:59]} Rf5 {[%emt 0:00:23]} 26. Bg4 {[%emt 0:00:48]} R5f7 {[%emt 0:00:31]} 27. Bh5 {[%emt 0:00:52]} Rf5 {[%emt 0:02:02]} 28. Bg4 {[%emt 0:00:51]} R5f7 {[%emt 0:04:34]} 29. Bh5 {[%emt 0:00:02]} Rf5 {[%emt 0:00:18]} 30. Bg4 {[%emt 0:00:02]} R5f7 {[%emt 0:04:50]} 1/2-1/2

[Event "Athens of East GM-Open 2019"]
[Site "Madurai"]
[Date "2019.08.17"]
[Round "9.16"]
[White "Niraj, Saripalli"]
[Black "Konguvel, Ponnuswamy"]
[Result "1-0"]
[WhiteElo "2150"]
[BlackElo "2343"]
[Annotator "NA"]
[PlyCount "73"]
[EventDate "2019.08.11"]
[EventType "swiss"]
[EventCountry "IND"]
[SourceTitle "playchess.com"]
[Source "ChessBase"]
[SourceQuality "1"]
[TimeControl "5400+30"]

1. d4 {[%emt 0:00:00]} Nf6 {[%emt 0:00:17]} 2. Bf4 {[%emt 0:00:24]} b6 {[%emt 0:04:09]} 3. e3 {[%emt 0:10:36]} Bb7 {[%emt 0:00:22]} 4. Nf3 {[%emt 0:00:18]} g6 {[%emt 0:07:49]} 5. Nbd2 {[%emt 0:04:55]} Bg7 {[%emt 0:08:32]} 6. h3 {[%emt 0:06:31]} d6 {[%emt 0:04:46]} 7. Bd3 {[%emt 0:03:52]} O-O {[%emt 0:00:22]} 8. Bh2 {[%emt 0:01:22]} Nbd7 {[%emt 0:19:27]} 9. Qe2 {[%emt 0:09:55] [#]} e5 $1 {[%emt 0:08:28]} 10. dxe5 {[%emt 0:05:41]} dxe5 {[%emt 0:00:55]} 11. Ba6 {[%emt 0:03:56]} Bxa6 {[%emt 0:02:06]} 12. Qxa6 {[%emt 0:00:24]} Qe7 {[%emt 0:00:23]} 13. O-O {[%emt 0:02:18]} Nc5 {[%emt 0:08:01]} 14. Qc4 {[%emt 0:04:25]} Nfd7 {[%emt 0:00:13]} 15. Rad1 {[%emt 0:03:08]} c6 {[%emt 0:09:09]} 16. Ne4 {[%emt 0:19:24]} b5 {[%emt 0:02:23]} 17. Qb4 {[%emt 0:00:40]} Rfe8 {[%emt 0:02:09]} 18. Nd6 $11 {[%emt 0:10:37]} a5 {[%emt 0:05:20]} 19. Qc3 {[%emt 0:00:05]} Red8 {[%emt 0:02:19]} 20. a3 {[%emt 0:00:27]} Ra6 {[%emt 0:06:20]} 21. b4 {[%emt 0:01:16]} Na4 {[%emt 0:01:50]} 22. Qb3 {[%emt 0:01:31]} axb4 {[%emt 0:00:28]} 23. axb4 {[%emt 0:01:21]} Nab6 {[%emt 0:00:30]} 24. Ng5 {[%emt 0:01:57]} Rf8 {[%emt 0:01:15]} 25. f4 {[%emt 0:00:07]} Nd5 {[%emt 0:00:52]} 26. Ngxf7 {[%emt 0:01:28]} e4 {[%emt 0:01:29]} 27. c4 {[%emt 0:02:52]} bxc4 {[%emt 0:01:03]} 28. Qxc4 {[%emt 0:00:12]} Rb6 {[%emt 0:00:06]} 29. b5 {[%emt 0:01:00]} N7f6 {[%emt 0:01:18]} 30. bxc6 {[%emt 0:01:38]} Rxf7 {[%emt 0:00:01]} 31. Nxf7 {[%emt 0:00:29]} Qxf7 {[%emt 0:00:06]} 32. f5 {[%emt 0:00:26]} Rb4 {[%emt 0:01:06]} 33. Qxb4 {[%emt 0:00:32]} Nxb4 {[%emt 0:00:03]} 34. Rd8+ {[%emt 0:00:03]} Bf8 {[%emt 0:01:19]} 35. c7 {[%emt 0:00:17]} Nc6 {[%emt 0:00:42]} 36. fxg6 {[%emt 0:01:11]} Qe7 {[%emt 0:01:42]} 37. Bd6 {[%emt 0:00:14]} 1-0

[Event "Athens of East GM-Open 2019"]
[Site "Madurai"]
[Date "2019.08.17"]
[Round "9.17"]
[White "Sibi Visal R"]
[Black "Saravana, Krishnan P."]
[Result "0-1"]
[WhiteElo "2118"]
[BlackElo "2277"]
[Annotator "NA"]
[PlyCount "94"]
[EventDate "2019.08.11"]
[EventType "swiss"]
[EventCountry "IND"]
[SourceTitle "playchess.com"]
[Source "ChessBase"]
[SourceQuality "1"]
[TimeControl "5400+30"]

1. Nf3 {[%emt 0:00:02]} Nf6 {[%emt 0:01:06]} 2. c4 {[%emt 0:00:10]} c6 {[%emt 0:00:26]} 3. d4 {[%emt 0:01:07]} d5 {[%emt 0:00:04]} 4. Nc3 {[%emt 0:00:09]} dxc4 {[%emt 0:00:06]} 5. a4 {[%emt 0:00:06]} Bf5 {[%emt 0:00:27]} 6. e3 {[%emt 0:01:05]} e6 {[%emt 0:00:11]} 7. Bxc4 {[%emt 0:00:09]} Bb4 {[%emt 0:00:05]} 8. O-O {[%emt 0:00:16]} Nbd7 {[%emt 0:00:11]} 9. Bd3 $146 {[%emt 0:02:17]} ({Predecessor:} 9. Qe2 Bg6 10. Bd3 Bxd3 {½-½ (15) Ehlvest,J (2600)-Tukmakov,V (2565) New York 1994}) 9... Bxd3 {[%emt 0:03:09]} 10. Qxd3 {[%emt 0:00:03]} O-O {[%emt 0:00:14]} 11. e4 {[%emt 0:04:13] D18: Slav Defence: 5 a4 Bf5 6 e3} Bxc3 {[%emt 0:01:39]} 12. bxc3 {[%emt 0:01:31]} Nc5 {[%emt 0:00:30]} 13. Qb1 {[%emt 0:00:37]} Ncxe4 {[%emt 0:00:32]} 14. Ba3 {[%emt 0:00:02]} Nd6 {[%emt 0:04:24]} 15. Bxd6 {[%emt 0:02:37]} Qxd6 {[%emt 0:00:55]} 16. Qxb7 {[%emt 0:00:03]} c5 {[%emt 0:04:16]} 17. Qb5 {[%emt 0:03:29]} Rfc8 {[%emt 0:01:13]} 18. Qd3 {[%emt 0:09:19]} Rc7 {[%emt 0:07:18]} 19. Rfd1 {[%emt 0:02:46]} Rac8 {[%emt 0:01:46]} 20. h3 {[%emt 0:09:45]} g6 {[%emt 0:02:00]} 21. Rab1 {[%emt 0:03:10]} cxd4 {[%emt 0:01:14]} 22. cxd4 {[%emt 0:00:28]} Nd5 {[%emt 0:04:39]} 23. Ng5 {[%emt 0:03:15]} Rc3 {[%emt 0:04:16]} 24. Ne4 {[%emt 0:10:34]} Rxd3 {[%emt 0:00:19]} 25. Nxd6 {[%emt 0:00:02]} Rxd1+ {[%emt 0:00:10]} 26. Rxd1 {[%emt 0:00:03]} Rc6 {[%emt 0:01:14]} 27. Ne4 {[%emt 0:04:07]} Rc4 {[%emt 0:01:19]} 28. a5 {[%emt 0:00:10]} Ra4 {[%emt 0:01:01]} 29. Rb1 {[%emt 0:04:44]} Rxd4 {[%emt 0:02:45]} 30. Rb8+ {[%emt 0:01:02]} Kg7 {[%emt 0:00:09]} 31. Ng5 {[%emt 0:00:03]} h6 {[%emt 0:32:59]} 32. Nf3 {[%emt 0:00:48]} Rb4 {[%emt 0:02:34]} 33. Ra8 {[%emt 0:00:10]} Rb7 {[%emt 0:00:45]} 34. Nd4 {[%emt 0:02:34]} Nb4 {[%emt 0:01:46]} 35. Rc8 {[%emt 0:03:40]} e5 {[%emt 0:06:23]} 36. Nc6 {[%emt 0:00:45]} Nd3 $11 {[%emt 0:02:01]} (36... e4 $15) 37. Rd8 {[%emt 0:07:06]} e4 {[%emt 0:01:35]} 38. a6 {[%emt 0:03:46]} Rb6 {[%emt 0:00:59]} 39. Nxa7 {[%emt 0:00:03]} Rxa6 {[%emt 0:00:07]} 40. Nb5 {[%emt 0:00:01]} Ra1+ {[%emt 0:00:20]} 41. Kh2 {[%emt 0:00:02]} Nxf2 {[%emt 0:00:11]} 42. Kg3 {[%emt 0:00:01]} Nd3 {[%emt 0:00:51]} 43. Rd7 {[%emt 0:00:53]} Kf6 {[%emt 0:01:11]} 44. Nc3 {[%emt 0:01:52]} Ke6 {[%emt 0:00:23]} 45. Rb7 {[%emt 0:00:02]} Ra3 {[%emt 0:05:40]} 46. Rb6+ {[%emt 0:01:16]} Ke5 {[%emt 0:00:15]} 47. Ne2 {[%emt 0:00:25]} Nf4+ {[%emt 0:00:25]} 0-1

[Event "Athens of East GM-Open 2019"]
[Site "Madurai"]
[Date "2019.08.17"]
[Round "9.18"]
[White "Aaryan Varshney"]
[Black "Kiran, Manisha Mohanty"]
[Result "1-0"]
[WhiteElo "2272"]
[BlackElo "2054"]
[Annotator "ChessBase"]
[PlyCount "84"]
[EventDate "2019.08.11"]
[EventType "swiss"]
[EventCountry "IND"]
[SourceTitle "playchess.com"]
[Source "ChessBase"]
[SourceQuality "1"]
[TimeControl "5400+30"]

1. d4 {[%emt 0:00:00]} Nf6 {[%emt 0:01:48]} 2. c4 {[%emt 0:00:00]} g6 {[%emt 0:00:05]} 3. Nc3 {[%emt 0:00:00]} d5 {[%emt 0:00:09]} 4. cxd5 {[%emt 0:00:00]} Nxd5 {[%emt 0:00:04]} 5. e4 {[%emt 0:00:00]} Nxc3 {[%emt 0:00:06]} 6. bxc3 {[%emt 0:00:00]} Bg7 {[%emt 0:00:04]} 7. Nf3 {[%emt 0:00:01]} O-O {[%emt 0:00:07]} 8. Be2 {[%emt 0:00:02]} c5 {[%emt 0:00:07]} 9. Rb1 {[%emt 0:00:11]} b6 {[%emt 0:00:30]} 10. O-O {[%emt 0:00:08]} Bb7 {[%emt 0:00:12]} 11. Qd3 {[%emt 0:00:05]} Ba6 {[%emt 0:00:45]} 12. Qc2 {[%emt 0:03:06]} Qc8 {[%emt 0:03:47]} 13. Bxa6 {[%emt 0:00:53]} Qxa6 {[%emt 0:00:12]} 14. d5 {[%emt 0:06:19]} Qc4 {[%emt 0:11:27]} 15. Rb3 {[%emt 0:03:45]} f5 {[%emt 0:03:27]} 16. Nd2 {[%emt 0:04:31]} Qe2 {[%emt 0:00:32]} 17. Qd1 {[%emt 0:02:05]} Qxd1 {[%emt 0:00:18]} 18. Rxd1 {[%emt 0:00:01]} Nd7 {[%emt 0:00:52]} 19. c4 {[%emt 0:04:39]} fxe4 {[%emt 0:03:04]} 20. Nxe4 {[%emt 0:00:22]} Bd4 {[%emt 0:01:35]} 21. Be3 {[%emt 0:01:29]} Bxe3 {[%emt 0:02:08]} 22. Rxe3 {[%emt 0:00:27]} Ne5 {[%emt 0:00:18]} 23. Nd2 {[%emt 0:01:52]} Ng4 {[%emt 0:02:46]} 24. Rxe7 {[%emt 0:01:46]} Nxf2 {[%emt 0:00:27]} 25. Rf1 {[%emt 0:00:39]} Ng4 {[%emt 0:04:37]} 26. Rxf8+ {[%emt 0:00:31]} Rxf8 {[%emt 0:01:31]} 27. h3 {[%emt 0:01:03]} Nf6 {[%emt 0:02:24]} 28. Rxa7 {[%emt 0:00:37]} Re8 {[%emt 0:00:31]} 29. Rb7 {[%emt 0:00:55]} Re2 {[%emt 0:01:35]} 30. Nf3 {[%emt 0:02:37]} Rxa2 {[%emt 0:00:35]} 31. Rxb6 {[%emt 0:00:30]} Ne4 {[%emt 0:03:42]} 32. Re6 {[%emt 0:01:53]} Nd2 {[%emt 0:05:23]} 33. Nxd2 {[%emt 0:00:23]} Rxd2 {[%emt 0:00:07]} 34. Rc6 {[%emt 0:00:06]} Kf7 {[%emt 0:01:14]} 35. Rxc5 {[%emt 0:00:06]} Kf6 {[%emt 0:00:11]} 36. Kh2 {[%emt 0:01:02]} h5 {[%emt 0:00:52]} 37. Rc6+ {[%emt 0:00:10]} Kf5 {[%emt 0:00:06]} 38. d6 {[%emt 0:00:27]} h4 {[%emt 0:00:34]} 39. c5 {[%emt 0:00:19]} g5 {[%emt 0:00:22]} 40. Rc8 {[%emt 0:00:39]} Ke6 {[%emt 0:00:24]} 41. c6 {[%emt 0:02:45]} Rxd6 {[%emt 0:00:49]} 42. Re8+ {[%emt 0:00:04]} Kd5 {[%emt 0:51:13]} 1-0

[Event "Athens of East GM-Open 2019"]
[Site "Madurai"]
[Date "2019.08.17"]
[Round "9.19"]
[White "Nayak Rajesh"]
[Black "Sa, Kannan"]
[Result "1-0"]
[WhiteElo "2250"]
[BlackElo "1982"]
[Annotator "NA"]
[PlyCount "131"]
[EventDate "2019.08.11"]
[EventType "swiss"]
[EventCountry "IND"]
[SourceTitle "playchess.com"]
[Source "ChessBase"]
[SourceQuality "1"]
[TimeControl "5400+30"]

1. e4 {[%emt 0:00:30]} c5 {[%emt 0:01:59]} 2. Nf3 {[%emt 0:00:22]} b6 {[%emt 0:00:30]} 3. Nc3 {[%emt 0:02:48]} Bb7 {[%emt 0:00:12]} 4. Bc4 {[%emt 0:02:11]} e6 {[%emt 0:02:27]} 5. O-O {[%emt 0:00:41]} a6 {[%emt 0:01:24]} 6. Re1 {[%emt 0:07:10]} Be7 {[%emt 0:02:27]} 7. d4 {[%emt 0:02:52]} d6 {[%emt 0:04:25]} 8. a4 {[%emt 0:04:12]} Nf6 {[%emt 0:00:24]} 9. Bg5 {[%emt 0:02:46]} O-O {[%emt 0:05:21]} 10. Ba2 {[%emt 0:08:15]} Nbd7 {[%emt 0:01:31]} 11. e5 {[%emt 0:04:50]} Nh5 {[%emt 0:12:51]} 12. Bxe7 {[%emt 0:02:19]} Qxe7 {[%emt 0:01:44]} 13. d5 {[%emt 0:00:25]} Nf4 {[%emt 0:09:29] [#]} 14. exd6 $16 {[%emt 0:13:26]} Qf6 {[%emt 0:01:15]} 15. g3 {[%emt 0:09:27]} Nxd5 {[%emt 0:13:17]} 16. Nxd5 {[%emt 0:01:14]} exd5 {[%emt 0:00:03]} 17. Bxd5 {[%emt 0:00:31]} Bxd5 {[%emt 0:00:02]} 18. Qxd5 {[%emt 0:00:07]} Qxb2 {[%emt 0:00:15]} 19. Qf5 {[%emt 0:04:01]} Rad8 {[%emt 0:02:01]} 20. Rab1 {[%emt 0:00:10]} Qa2 {[%emt 0:03:05]} 21. Qe4 {[%emt 0:06:17]} c4 {[%emt 0:17:24]} 22. Ra1 {[%emt 0:06:21]} Qb2 {[%emt 0:01:17]} 23. Qxc4 {[%emt 0:01:51]} Rc8 {[%emt 0:01:20]} 24. Qd4 {[%emt 0:03:59]} Qxd4 {[%emt 0:03:04]} 25. Nxd4 {[%emt 0:00:03]} Rfd8 {[%emt 0:00:13]} 26. Re2 {[%emt 0:02:44]} g6 {[%emt 0:01:15]} 27. a5 {[%emt 0:01:19]} b5 {[%emt 0:01:12]} 28. Rd1 {[%emt 0:01:56]} Nf6 {[%emt 0:00:30]} 29. Nb3 {[%emt 0:02:56]} Rc6 {[%emt 0:00:52]} 30. Red2 {[%emt 0:00:12]} Ne4 {[%emt 0:00:49]} 31. Rd4 {[%emt 0:00:45]} Rdxd6 {[%emt 0:03:12]} 32. f3 {[%emt 0:01:20]} Rxd4 {[%emt 0:02:08]} 33. Nxd4 {[%emt 0:00:12]} Nc3 {[%emt 0:00:09]} 34. Nxc6 {[%emt 0:00:05]} Nxd1 {[%emt 0:00:07]} 35. Nb4 {[%emt 0:00:14]} Ne3 {[%emt 0:00:33]} 36. Nxa6 {[%emt 0:01:04]} Nc4 {[%emt 0:03:15]} 37. Nc7 {[%emt 0:00:16]} Nxa5 {[%emt 0:00:37]} 38. Nxb5 {[%emt 0:00:07]} Kf8 {[%emt 0:00:15]} 39. Kf2 {[%emt 0:00:04]} Nc4 {[%emt 0:01:36]} 40. Ke2 {[%emt 0:00:19]} Ke7 {[%emt 0:00:17]} 41. Kd3 {[%emt 0:00:30]} Ne5+ {[%emt 0:00:21]} 42. Ke4 {[%emt 0:00:03]} Ke6 {[%emt 0:00:38]} 43. Nd4+ {[%emt 0:01:03]} Kd6 {[%emt 0:00:02]} 44. g4 {[%emt 0:00:12]} f6 {[%emt 0:00:51]} 45. h4 {[%emt 0:00:37]} Nc4 {[%emt 0:00:24]} 46. f4 {[%emt 0:01:05]} Nd2+ {[%emt 0:00:09]} 47. Kd3 {[%emt 0:00:08]} Nf1 {[%emt 0:00:28]} 48. Nf3 {[%emt 0:00:55]} Ng3 {[%emt 0:00:31]} 49. Nd2 {[%emt 0:01:32]} f5 {[%emt 0:01:08]} 50. g5 {[%emt 0:00:08]} Nh5 {[%emt 0:00:05]} 51. Ke3 {[%emt 0:00:05]} Kd5 {[%emt 0:00:11]} 52. Nf3 {[%emt 0:00:34]} Ng7 {[%emt 0:01:00]} 53. Ne5 {[%emt 0:00:07]} Kd6 {[%emt 0:00:15]} 54. Nf7+ {[%emt 0:00:53]} Ke7 {[%emt 0:01:38]} 55. Nh6 {[%emt 0:01:34]} Kf8 {[%emt 0:00:02]} 56. Kd4 {[%emt 0:00:03]} Ne6+ {[%emt 0:00:21]} 57. Ke5 {[%emt 0:00:01]} Nc5 {[%emt 0:00:28]} 58. Kd5 {[%emt 0:01:15]} Na4 {[%emt 0:02:18]} 59. c4 {[%emt 0:00:21]} Nc3+ {[%emt 0:00:09]} 60. Kd4 {[%emt 0:01:32]} Ne2+ {[%emt 0:00:14]} 61. Ke5 {[%emt 0:00:08]} Nc1 {[%emt 0:00:23]} 62. Kd6 {[%emt 0:00:54]} Nd3 {[%emt 0:00:33]} 63. c5 {[%emt 0:00:03]} Ke8 {[%emt 0:00:16]} 64. c6 {[%emt 0:00:06]} Kd8 {[%emt 0:00:08]} 65. c7+ {[%emt 0:00:10]} Kc8 {[%emt 0:00:04]} 66. Ng8 {[%emt 0:00:04]} 1-0